00453nam a2200181Ia 4500003000900000008004100009040001300050040001300063041000800076100001600084245010000100250001000200260002500210260000900235300001100244300001000255490000600265IT-RoPAU120407s9999 xx 000 0 und d aIT-RoPAU cIT-RoPAU aita aTecla Merlo aVi porto nel cuore. Lettere circolari alle Figlie di san Paolo. a cura di Caterina Martini fsp. aRoma  aCasa Generalizia FSP c1989 a534 p. c21 cm v1